| 000 | 00515nam a2200169 i 4500 | ||
|---|---|---|---|
| 001 | 113541 | ||
| 003 | ES-MaACL | ||
| 005 | 20230906185932.0 | ||
| 007 | t| | ||
| 008 | 061121s1921 fr r ||||1| fre d | ||
| 100 | 1 |
_aNodier, Charles. _985818 |
|
| 245 | 1 | 0 |
_aMoi-même / _cCharles Nodier ; ouvrage inédit avec une introduction sur le Roman Personnel par Jean Larat. |
| 260 |
_aParis : _bEdouard Champion, _c1921. |
||
| 300 |
_a66 p. ; _c20 cm. |
||
| 700 | 1 |
_aLarat, Jean. _970225 |
|
| 852 |
_aES-MaACL _j1625-F-21 |
||
| 999 |
_c113541 _d113541 |
||